| 000 | 00432nam a2200145Ia 4500 | ||
|---|---|---|---|
| 008 | 151015s9999 xx 000 0 und d | ||
| 020 | _a9.7803409421e+012 | ||
| 050 | _aHD 31 V.62 2010 | ||
| 245 | _aBrinkman John | ||
| 250 | _a_Unlocking the B usiness Environment John Brinkman | ||
| 300 | _aLondon Hodder Education 2010 | ||
| 500 | _aIncludes Index | ||
| 650 | _a_Business Environment | ||
| 700 | _a^d20120120 08:41:46^okorir | ||
| 999 |
_c3275 _d3275 |
||